000 00460nmm a2200169Ia 4500
008 251105s9999||||xx |||||||||||||||||und||
020 _a9788498163735
041 _aspa
100 _aCervantes Saavedra, Miguel de
245 0 _aLa casa de los celos
264 _a[Madrid, España] :
_bLinkgua,
_c2011
300 _a126 páginas
490 _aTeatro
650 _aSpanish theater
856 _uhttps://public.digitaliapublishing.com/a/16323
942 _cCF
999 _c91110
_d91110